[Event "Challenge"]
[Site "http://www.queenalice.com/game.php?id=799791"]
[Date "2010.7.7"]
[Round "-"]
[White "ACGF"]
[Black "jpfaro"]
[Result "0-1"]
[WhiteElo "1565"]
[BlackElo "1764"]

1. d4 Nf6 2. Nf3 e6 3. a3 d5 4. c4 Nc6 5. Nc3 b6 6. e3 Ba6 7. b3 Ne4 8. Bb2 Be7
9. Be2 Nxf2 10. Kxf2 O-O 11. Rf1 Qd6 12. Kg1 f5 13. Kh1 Rae8 14. Rc1 Bc8 15. Nd2
f4 16. Nf3 e5 0-1

[Event "Challenge"]
[Site "http://www.queenalice.com/game.php?id=799793"]
[Date "2010.7.7"]
[Round "-"]
[White "ACGF"]
[Black "pretinho"]
[Result "1-0"]
[WhiteElo "1635"]
[BlackElo "1311"]

1. d4 Nc6 2. Nf3 d5 3. c4 Nf6 4. Nc3 e5 5. e3 e4 6. Nd2 Bg4 7. f3 Bf5 8. Be2 Nh5
9. Nf1 Bb4 10. Bd2 Qh4+ 11. g3 Qh3 12. cxd5 Nxg3 13. a3 Nxh1 14. Bc1 O-O 15.
axb4 1-0

[Event "Challenge"]
[Site "http://www.queenalice.com/game.php?id=799843"]
[Date "2010.7.7"]
[Round "-"]
[White "ACGF"]
[Black "Rodrigo_Cruzeiro"]
[Result "0-1"]
[WhiteElo "1551"]
[BlackElo "1894"]

1. d4 d5 2. c4 dxc4 3. e4 Nc6 4. Nf3 Bg4 5. Bxc4 Nxd4 6. Qa4+ c6 7. Nxd4 Qxd4 8.
Qc2 e6 9. Nc3 Qxc4 10. f3 Bh5 11. b3 Qd4 12. Bb2 Qe3+ 13. Ne2 Bb4+ 14. Bc3 Bxc3+
15. Qxc3 Qxc3+ 16. Nxc3 O-O-O 17. O-O Nf6 18. Rac1 Rd3 19. Na4 Kc7 20. Nb2 Rd2
21. Nc4 Rxa2 22. Ne5 Rd8 23. Kh1 Rdd2 24. Rg1 Nd7 25. Ng4 f5 26. exf5 exf5 27.
Ne3 Bxf3 28. b4 f4 29. h3 fxe3 30. Rcf1 Ne5 31. Rxf3 Nxf3 0-1

[Event "Challenge"]
[Site "http://www.queenalice.com/game.php?id=801184"]
[Date "2010.7.10"]
[Round "-"]
[White "ACGF"]
[Black "patobesta"]
[Result "0-1"]
[WhiteElo "1589"]
[BlackElo "1752"]

1. d4 d5 2. c4 e6 3. Nc3 Nf6 4. Nf3 Bb4 5. Bd2 O-O 6. a3 Ba5 7. e3 Bxc3 8. Bxc3
Ne4 9. Qc2 Nc6 10. Be2 Ne7 11. O-O Ng6 12. h3 h6 13. b3 Ng5 14. Rae1 Re8 15. Nh2
c6 16. f4 Ne4 17. Bb4 Nh4 18. Kh1 Ng3+ 19. Kg1 Nxf1 20. Rxf1 Nf5 0-1

[Event "Challenge"]
[Site "http://www.queenalice.com/game.php?id=801198"]
[Date "2010.7.10"]
[Round "-"]
[White "ACGF"]
[Black "Gera10"]
[Result "0-1"]
[WhiteElo "1529"]
[BlackElo "1456"]

1. d4 d5 2. c4 e6 3. Nc3 Bb4 4. Bd2 Qh4 5. g3 Qxd4 6. e3 Qf6 7. Nf3 Nh6 8. Bg2
dxc4 9. O-O e5 10. Qa4+ Nc6 11. a3 Bxc3 12. Bxc3 O-O 13. Qxc4 Be6 14. Qe2 b6 15.
Rad1 Na5 16. b4 Nb3 17. Kh1 Ng4 18. h3 Qh6 0-1

[Event "AUTO-INT-1753"]
[Site "http://www.queenalice.com/game.php?id=801333"]
[Date "2010.7.10"]
[Round "1"]
[White "erdnaxela"]
[Black "ACGF"]
[Result "0-1"]
[WhiteElo "1648"]
[BlackElo "1551"]

1. e4 e5 2. Nf3 Nc6 3. Bb5 Nge7 4. Nc3 d6 5. Bxc6+ Nxc6 6. d3 f6 7. O-O Be7 8.
Nd5 O-O 9. c4 Be6 10. Nh4 a6 11. Qf3 Bf7 12. Qg3 Nd4 13. Qg4 g6 14. Bh6 Re8 15.
Nf5 Bf8 16. Bxf8 Rxf8 17. Nh6+ Kg7 18. Nxf7 Rxf7 19. f4 c6 20. Nb6 Qxb6 21. Rf2
Raf8 22. fxe5 fxe5 23. Rxf7+ Rxf7 24. Rf1 Ne2+ 25. Kh1 Rxf1# 0-1

[Event "AUTO-INT-1753"]
[Site "http://www.queenalice.com/game.php?id=801334"]
[Date "2010.7.10"]
[Round "1"]
[White "ACGF"]
[Black "erdnaxela"]
[Result "0-1"]
[WhiteElo "1565"]
[BlackElo "1620"]

1. d4 d5 2. c4 dxc4 3. e4 Nc6 4. Nf3 Bg4 5. Be3 b5 6. Be2 Nf6 7. Nc3 b4 8. Nb5
c3 9. bxc3 bxc3 10. Nxc3 e6 11. O-O Bb4 12. Na4 Nxe4 13. Qc2 Qd5 14. Rad1 O-O-O
15. h3 Bh5 16. Ba6+ Kd7 17. Rb1 Bxf3 18. g3 Qh5 19. h4 Qg4 20. Kh2 Bd6 21. Bd3
Nxg3 0-1

[Event "AUTO-INT-1753"]
[Site "http://www.queenalice.com/game.php?id=801349"]
[Date "2010.7.10"]
[Round "1"]
[White "ACGF"]
[Black "showman"]
[Result "0-1"]
[WhiteElo "1498"]
[BlackElo "1595"]

1. d4 d5 2. c4 dxc4 3. e4 Nc6 4. Nf3 Bg4 5. Be2 Bxf3 6. Bxf3 Nxd4 7. O-O c5 8.
Be3 Nxf3+ 9. Qxf3 b6 10. Nc3 e5 11. Rad1 Qc8 12. Rd2 Nf6 13. Rfd1 Qc7 14. Qe2
Be7 15. Qxc4 Rd8 16. Nd5 Qc6 17. f3 b5 18. Qc2 Nxd5 19. exd5 Qd6 20. Bxc5 Qxc5+
21. Qxc5 Bxc5+ 22. Kh1 Bd4 23. Re2 Rxd5 24. b3 g5 25. h3 h5 26. Kh2 h4 27. Kh1
f6 0-1

[Event "AUTO-INT-1753"]
[Site "http://www.queenalice.com/game.php?id=801350"]
[Date "2010.7.10"]
[Round "1"]
[White "showman"]
[Black "ACGF"]
[Result "1-0"]
[WhiteElo "1607"]
[BlackElo "1486"]

1. e4 e5 2. Nf3 Nc6 3. Bb5 Nge7 4. Nc3 a6 5. Bc4 b5 6. Bd3 d6 7. O-O Ng6 8. Nd5
Bb7 9. c4 Be7 10. h4 Bxh4 11. Nxc7+ Qxc7 12. Nxh4 Nxh4 13. cxb5 axb5 14. Bxb5
O-O 15. g3 Ng6 16. d3 Kh8 17. Qg4 Bc8 18. Qf3 f5 19. exf5 Bxf5 20. Bxc6 Rac8 21.
Bd5 Bh3 22. Qe2 Qe7 23. Bg2 Qe6 24. Bxh3 Qxh3 25. Qe4 Rf6 26. Bg5 Rf7 27. Rac1
Rcf8 28. Rc2 Rf3 29. Be3 R8f6 30. Rc8+ Qxc8 31. Bf4 1-0

[Event "Challenge"]
[Site "http://www.queenalice.com/game.php?id=803253"]
[Date "2010.7.14"]
[Round "-"]
[White "ACGF"]
[Black "danielgarciasilva"]
[Result "0-1"]
[WhiteElo "1537"]
[BlackElo "1728"]

1. d4 d5 2. c4 c6 3. Nf3 Bf5 4. Nc3 e6 5. e3 Nf6 6. Be2 Nbd7 7. O-O h6 8. h3 b6
9. b3 Bb4 10. Bb2 Ne4 11. Nxe4 Bxe4 12. a3 Bd6 13. Rc1 Nf6 14. Nd2 Bf5 15. f3
Bg6 16. f4 Bf5 17. Nf3 Ne4 18. Bd3 O-O 19. Be2 Qe7 20. Ra1 Qf6 0-1

[Event "Challenge"]
[Site "http://www.queenalice.com/game.php?id=803566"]
[Date "2010.7.15"]
[Round "-"]
[White "ACGF"]
[Black "fieldesigner"]
[Result "1-0"]
[WhiteElo "1608"]
[BlackElo "1652"]

1. d4 e6 2. Nf3 c6 3. Nc3 Qa5 4. Bd2 Bb4 5. a3 Bxc3 6. Bxc3 Qd5 7. e3 Nf6 8. Bd3
g5 9. O-O h5 10. b3 g4 11. Ne5 Rg8 12. Bc4 Qe4 13. f3 Qxe3+ 14. Kh1 Qxc3 15. Rb1
h4 16. fxg4 d6 17. g5 Rxg5 18. Nf3 Rf5 19. Qe2 d5 20. Bd3 Rf4 21. Ne5 Rxf1+ 22.
Rxf1 Ne4 23. Qh5 Nd6 24. Qh8+ Ke7 25. Bg6 fxg6 26. Qf8# 1-0

[Event "Challenge"]
[Site "http://www.queenalice.com/game.php?id=804056"]
[Date "2010.7.16"]
[Round "-"]
[White "ACGF"]
[Black "rafael_100000"]
[Result "1-0"]
[WhiteElo "1532"]
[BlackElo "1597"]

1. d4 d5 2. c4 c6 3. Nf3 dxc4 4. Nc3 b5 5. e3 e6 6. Bd2 Bb4 7. a3 Bxc3 8. Bxc3
a5 9. Be2 Na6 10. O-O c5 11. h3 b4 12. Bd2 b3 13. Bxc4 cxd4 14. exd4 Nf6 15.
Qxb3 Qd7 16. Bb5 Qxb5 17. Qxb5+ 1-0

[Event "AUTO-INT-1772"]
[Site "http://www.queenalice.com/game.php?id=810302"]
[Date "2010.7.29"]
[Round "1"]
[White "simpleknight"]
[Black "ACGF"]
[Result "0-1"]
[WhiteElo "1744"]
[BlackElo "1510"]

1. d4 d5 2. h3 Nf6 3. Nf3 Nc6 4. Bf4 e6 5. e3 Be7 6. Be2 O-O 7. O-O h6 8. Nbd2
Nh5 9. Bh2 Bd7 10. Ne5 Nf6 11. c4 b6 12. a3 Nh7 13. Qc2 f5 14. Ndf3 Bf6 15. b4
a5 16. b5 Na7 17. a4 c6 18. cxd5 cxd5 19. Nc6 Nxc6 20. bxc6 Bxc6 0-1

[Event "AUTO-INT-1772"]
[Site "http://www.queenalice.com/game.php?id=810303"]
[Date "2010.7.29"]
[Round "1"]
[White "ACGF"]
[Black "simpleknight"]
[Result "1-0"]
[WhiteElo "1535"]
[BlackElo "1719"]

1. d4 d5 2. c4 Nf6 3. Nc3 e6 4. Nf3 Bb4 5. Bd2 O-O 6. e3 a6 7. Bd3 Nc6 8. O-O
Ne4 9. a3 Nxd2 10. Qxd2 Be7 11. b3 f5 12. h3 g5 13. Nh2 Bd7 14. Qe2 Na5 15. Bc2
b5 16. Nf3 bxc4 17. Rfb1 cxb3 18. Bxb3 Nxb3 19. Rxb3 c5 20. Rbb1 Qc7 21. Rb2 1-0

[Event "AUTO-INT-1772"]
[Site "http://www.queenalice.com/game.php?id=810318"]
[Date "2010.7.29"]
[Round "1"]
[White "ACGF"]
[Black "vinoseco"]
[Result "0-1"]
[WhiteElo "1556"]
[BlackElo "1345"]

1. d4 e6 2. c4 Nf6 3. Nc3 Nc6 4. Nf3 d6 5. e3 h6 6. Bd3 g5 7. O-O h5 8. Ne1 h4
9. Be2 Nd7 10. h3 f5 11. f4 gxf4 12. exf4 Nf6 13. Nf3 Ne4 14. Nxe4 fxe4 15. Nh2
Qd7 0-1

[Event "AUTO-INT-1772"]
[Site "http://www.queenalice.com/game.php?id=810319"]
[Date "2010.7.29"]
[Round "1"]
[White "vinoseco"]
[Black "ACGF"]
[Result "1-0"]
[WhiteElo "1318"]
[BlackElo "1583"]

1. e3 e5 2. Qf3 Nf6 3. Qg3 Nc6 4. Nf3 d6 5. c4 Be7 6. Qxg7 Rg8 7. Qh6 Rg6 8. Qh4
Be6 9. b3 Qd7 10. Ng5 O-O-O 11. Nc3 Kb8 12. Bd3 e4 13. Bxe4 1-0

[Event "AUTO-INT-1772"]
[Site "http://www.queenalice.com/game.php?id=810320"]
[Date "2010.7.29"]
[Round "1"]
[White "ACGF"]
[Black "Vermelho"]
[Result "0-1"]
[WhiteElo "1557"]
[BlackElo "1670"]

1. d4 Nf6 2. Nc3 d6 3. Nf3 Nc6 4. e3 Bg4 5. Be2 e5 6. O-O e4 7. Nd2 d5 8. h3
Bxe2 9. Nxe2 Bd6 10. f3 O-O 11. c3 a5 12. b3 b5 13. Bb2 b4 14. Qc2 bxc3 15. Bxc3
Nb4 16. Qc1 Nh5 17. fxe4 dxe4 18. Nxe4 Nd3 19. Qd2 Nb4 0-1

[Event "AUTO-INT-1772"]
[Site "http://www.queenalice.com/game.php?id=810321"]
[Date "2010.7.29"]
[Round "1"]
[White "Vermelho"]
[Black "ACGF"]
[Result "1-0"]
[WhiteElo "1678"]
[BlackElo "1622"]

1. e4 e5 2. Nf3 Nc6 3. d4 f6 4. Bb5 Nge7 5. Nc3 a6 6. Bxc6 Nxc6 7. d5 Na7 8. O-O
Bc5 9. a3 O-O 10. b4 Bd6 11. Be3 b6 12. Nh4 c6 13. Nf5 1-0